| 000 | 00505nam a2200181Ia 4500 | ||
|---|---|---|---|
| 008 | 220214s9999 xx 000 0 und d | ||
| 100 | _aPereira Ailton Vitor | ||
| 245 | 0 | _aInfluence of sizes of polybags on development of Hevea planting material | |
| 260 |
_bPesquisa Agropecuaria Brasileira _c1986 |
||
| 300 | _a945-948 | ||
| 650 | _aBudded stump | ||
| 650 | _aContainers | ||
| 650 | _aEconomics | ||
| 650 | _aPlant growth | ||
| 650 | _aPropagation | ||
| 700 | _aPereira Elainy BC | ||
| 942 | _cRE | ||
| 999 |
_c45797 _d45797 |
||